<?xml version="1.0" encoding="UTF-8"?><?xml-stylesheet type="text/xsl" href="static/style.xsl"?><OAI-PMH xmlns="http://www.openarchives.org/OAI/2.0/" xmlns:xsi="http://www.w3.org/2001/XMLSchema-instance" xsi:schemaLocation="http://www.openarchives.org/OAI/2.0/ http://www.openarchives.org/OAI/2.0/OAI-PMH.xsd"><responseDate>2026-06-29T02:44:12Z</responseDate><request verb="GetRecord" identifier="oai:docta.ucm.es:20.500.14352/116213" metadataPrefix="marc">https://docta.ucm.es/rest/oai/request</request><GetRecord><record><header><identifier>oai:docta.ucm.es:20.500.14352/116213</identifier><datestamp>2025-03-18T14:18:35Z</datestamp><setSpec>com_20.500.14352_14</setSpec><setSpec>col_20.500.14352_15</setSpec></header><metadata><record xmlns="http://www.loc.gov/MARC21/slim" xmlns:dcterms="http://purl.org/dc/terms/" xmlns:xsi="http://www.w3.org/2001/XMLSchema-instance" xmlns:doc="http://www.lyncode.com/xoai" xsi:schemaLocation="http://www.loc.gov/MARC21/slim http://www.loc.gov/standards/marcxml/schema/MARC21slim.xsd">
   <leader>00925njm 22002777a 4500</leader>
   <datafield ind2=" " ind1=" " tag="042">
      <subfield code="a">dc</subfield>
   </datafield>
   <datafield ind2=" " ind1=" " tag="720">
      <subfield code="a">Díaz-López, Antonio</subfield>
      <subfield code="e">author</subfield>
   </datafield>
   <datafield ind2=" " ind1=" " tag="720">
      <subfield code="a">Morán, Alberto</subfield>
      <subfield code="e">author</subfield>
   </datafield>
   <datafield ind2=" " ind1=" " tag="720">
      <subfield code="a">Ortega, Paloma</subfield>
      <subfield code="e">author</subfield>
   </datafield>
   <datafield ind2=" " ind1=" " tag="720">
      <subfield code="a">Iniesta Serrano, María Pilar</subfield>
      <subfield code="e">author</subfield>
   </datafield>
   <datafield ind2=" " ind1=" " tag="720">
      <subfield code="a">Fernández Marcelo, Tamara</subfield>
      <subfield code="e">author</subfield>
   </datafield>
   <datafield ind2=" " ind1=" " tag="720">
      <subfield code="a">Sánchez Pernaute, Andrés</subfield>
      <subfield code="e">author</subfield>
   </datafield>
   <datafield ind2=" " ind1=" " tag="720">
      <subfield code="a">Torres García, Antonio José</subfield>
      <subfield code="e">author</subfield>
   </datafield>
   <datafield ind2=" " ind1=" " tag="720">
      <subfield code="a">Benito De Las Heras, Manuel R.</subfield>
      <subfield code="e">author</subfield>
   </datafield>
   <datafield ind2=" " ind1=" " tag="720">
      <subfield code="a">Juan Chocano, María Del Carmen De</subfield>
      <subfield code="e">author</subfield>
   </datafield>
   <datafield ind2=" " ind1=" " tag="260">
      <subfield code="c">2010-11-25</subfield>
   </datafield>
   <datafield ind2=" " ind1=" " tag="520">
      <subfield code="a">Characterization of the novel human protein MDGA1 (MAM Domain containing Glycosylphosphatidylinositol Anchor-1) has been reported in our laboratory in the past few years. hMDGA1 is a glycoprotein containing 955 aminoacids (137kDa) attached to the eukaryotic cell membrane by a GPI (Glycosylphosphatidylinositol) anchor and localized specifically into membrane microdomains known as lipid rafts. Moreover, MDGA1 protein contains structural features found in different types of cell adhesion molecules (CAMs) such as the presence of immunoglobulin domains and a MAM domain (Meprin, A5 protein, receptor protein-tyrosine phosphatase mu), suggesting a role of MDGA1 in cell migration and/or adhesion. In order to investigate this aim, stable MDCK cell lines expressing MDGA1 or the truncated proteins IgGPI (lacking the MAM domain) and MAMGPI (lacking Ig domains) were generated. Our results reveal that MDGA1 increases the ability of MDCK cells to migrate, as it contains both Ig and MAM domains which have been implicated in cell motility. In addition, cell adhesion to extracellular matrix proteins, mainly to collagen IV, is reduced by MDGA1 and the IgGPI and MAMGPI truncated proteins. Accordingly, silencing MDGA1 by siRNA revealed a significant increase in adhesion to collagen IV. Furthermore, MDGA1 expression, through the intrinsic properties of the MAM domain, increases cell-cell adhesion independently of the cell monolayer used, suggesting that MDGA1 mediates cell-cell adhesiveness in a heterophilic manner.</subfield>
   </datafield>
   <datafield ind1="8" ind2=" " tag="024">
      <subfield code="a">Díaz-López A, Iniesta P, Morán A, Ortega P, Fernández-Marcelo T, Sánchez- Pernaute A, Torres AJ, Benito M, De Juan C. Expression of Human MDGA1 Increases Cell Motility and Cell-Cell Adhesion and Reduces Adhesion to Extracellular Matrix Proteins in MDCK Cells. Cancer Microenviron. 2010 Nov 25;4(1):23-32. doi: 10.1007/s12307-010-0055-2. PMID: 21505559; PMCID: PMC3047631.</subfield>
   </datafield>
   <datafield ind1="8" ind2=" " tag="024">
      <subfield code="a">1875-2292</subfield>
   </datafield>
   <datafield ind1="8" ind2=" " tag="024">
      <subfield code="a">10.1007/s12307-010-0055-2</subfield>
   </datafield>
   <datafield ind1="8" ind2=" " tag="024">
      <subfield code="a">https://hdl.handle.net/20.500.14352/116213</subfield>
   </datafield>
   <datafield ind1="8" ind2=" " tag="024">
      <subfield code="a">1875-2284</subfield>
   </datafield>
   <datafield ind1="8" ind2=" " tag="024">
      <subfield code="a">https://doi.org/10.1007/s12307-010-0055-2</subfield>
   </datafield>
   <datafield ind1="8" ind2=" " tag="024">
      <subfield code="a">https://link.springer.com/journal/12307/volumes-and-issues</subfield>
   </datafield>
   <datafield ind1="8" ind2=" " tag="024">
      <subfield code="a">https://pubmed.ncbi.nlm.nih.gov/21505559/</subfield>
   </datafield>
   <datafield ind2="0" ind1="0" tag="245">
      <subfield code="a">Expression of Human MDGA1 Increases Cell Motility and Cell-Cell Adhesion and Reduces Adhesion to Extracellular Matrix Proteins in MDCK Cells</subfield>
   </datafield>
</record></metadata></record></GetRecord></OAI-PMH>